Formy a metódy riadenia vedeckotechnického rozvoja
Na minha lista:
| Outros Autores: | |
|---|---|
| Formato: | Livro |
| Idioma: | eslovaco |
| Publicado em: |
Bratislava
Alfa
1988
|
| Edição: | 1. vyd. |
| Colecção: | Teória a prax
|
| Tags: |
Sem tags, seja o primeiro a adicionar uma tag!
|
MARC
| LEADER | 00000nam a2200000 4500 | ||
|---|---|---|---|
| 001 | c031090 | ||
| 005 | 20240417082820.8 | ||
| 041 | 0 | |a slo | |
| 044 | |a SK | ||
| 245 | 1 | 0 | |a Formy a metódy riadenia vedeckotechnického rozvoja |c [Z ruš. prel.] Antonín Mrázek a kol. |
| 250 | |a 1. vyd. | ||
| 264 | 1 | |a Bratislava |b Alfa |c 1988 | |
| 300 | |a 161 s. | ||
| 490 | 1 | |a Teória a prax | |
| 830 | 0 | |a Teória a prax | |
| 700 | 1 | |a Mrázek, Antonín | |